Disney, DreamWorks or Pixar ? - Statistics

General Stats
  • This quiz has been taken 87 times
  • The average score is 17 of 20
Answer Stats
Hint Answer % Correct
Mulan Disney
99%
Pocahontas Disney
99%
Kung Fu Panda DreamWorks
97%
Moana Disney
93%
Lilo & Stitch Disney
93%
Puss in Boots DreamWorks
93%
Dragons (How to Train Your Dragon) DreamWorks
92%
Fantasia Disney
91%
The Boss Baby DreamWorks
86%
The Incredibles Pixar
86%
Encanto Disney
85%
Cars Pixar
85%
Shark Tale DreamWorks
84%
Inside Out Pixar
81%
Spirit: Stallion of the Cimarron DreamWorks
78%
Wall-E Pixar
74%
Zootopia Disney
73%
Ratatouille Pixar
72%
Elio Pixar
66%
The Road to El Dorado DreamWorks
65%
No matching quizzes found
Score Distribution
Percent of People with Each Score
Percentile by Number Answered
Your Score History
You have not taken this quiz